| 000 -ლიდერი |
| ფიქსირებული სიგრძის საკონტროლო ველი |
02032nam a2200277Ia 4500 |
| 001 - საკონტროლო ნომერი |
| საკონტროლო ველი |
18482 |
| 003 - საკონტროლო ნომრის იდენტიფიკატორი |
| საკონტროლო ველი |
GE_BSU |
| 005 - ბოლო ოპერაციის თარიღი და დრო |
| საკონტროლო ველი |
20250306174751.0 |
| 008 - ფიქსირებული სიგრძის მონაცემთა ელემენტები - ზოგადი ინფორმაცია |
| ფიქსირებული სიგრძის საკონტროლო ველი |
181216s2016||||ge |||||||||||||| ||geo|| |
| 020 ## - წიგნის საერთაშორისო სტანდარტული ნომერი |
| International Standard Book Number |
9789941242922 |
| 040 ## - კატალოგიზაციის წყარო |
| Transcribing agency |
GE_BSU |
| 041 ## - ენის კოდი |
| Language code of text/sound track or separate title |
geo |
| 080 ## - უნივერსალური ათობითი კლასიფიკაციის ინდექსი |
| Universal Decimal Classification number |
27-36 წ-71 |
| 245 ## - ცნობა სათაურის შესახებ |
| Title |
წმინდა კოზმა მაიუელი ; არქიმანდრიტი იოანიკე (კოცონისი) - "ათონური პატერიკი" / |
| Statement of responsibility, etc |
შემდგენელი კახაბერ კენკიშვილი ; გარეკანის დიზაინი რატი თორდია. |
| 264 ## - წარმოების, გამოცემის, დისტრიბუციის და სხვა ცნობები |
| გამოცემის, წარმოების, დისტრიბუციის... ადგილი |
თბილისი : |
| გამოცემის, წარმოების, დისტრიბუციის... სახელწოდება |
პალიტრა L, |
| გამოცემის, წარმოების, დისტრიბუციის... თარიღი |
2016. |
| 300 ## - ფიზიკური აღწერა |
| Extent |
197გვ. ; |
| Dimensions |
20 სმ. |
| 490 ## - სერიის ცნობა |
| Series statement |
საქართველოს იმედი II : ყველა წმინდანი, რომელთა შესახებაც უნდა იცოდე, 2298-0547 / პროექტის რედაქტორი თამარ მამაცაშვილი ; |
| Volume number/sequential designation |
წ. 47 |
| 500 ## - ზოგადი შენიშვნა |
| General note |
იბეჭდება სრულიად საქართველოს კათოლიკოს-პატრიარქის უწმინდესისა და უნეტარესის ილია II-ის ლოცვა-კურთხევით |
| 653 ## - INDEX TERM--UNCONTROLLED |
| Uncontrolled term |
რელიგია |
| 653 ## - INDEX TERM--UNCONTROLLED |
| Uncontrolled term |
წმინდა კოზმა მაიუელი |
| 653 ## - INDEX TERM--UNCONTROLLED |
| Uncontrolled term |
არქიმანდრიტი იოანიკე(კოცონისი)- "ათონური პატერიკი |
| 700 ## - ADDED ENTRY--PERSONAL NAME |
| Personal name |
კენკებაშვილი, კახაბერ |
| Relator term |
შემდგენელი |
| 9 (RLIN) |
24479 |
| 700 ## - ADDED ENTRY--PERSONAL NAME |
| Personal name |
მამაცაშვილი, თამარ |
| Relator term |
პროექტის რედაქტორი |
| 9 (RLIN) |
24480 |
| 700 ## - ADDED ENTRY--PERSONAL NAME |
| Personal name |
თორდია, რატი |
| Relator term |
გარეკანის დიზაინერი |
| 9 (RLIN) |
17902 |
| 942 ## - ADDED ENTRY ELEMENTS (KOHA) |
| Koha item type |
წიგნი |
| Source of classification or shelving scheme |
|